000 00515nam a2200145Ia 4500
008 200302s9999 xx 000 0 und d
020 _a9789814853941
100 _aColbert, Bruce
245 _cBruce Colbert, Ruth Woodrow.--
_aEssentials of pharmacology for health professions /
250 _a8th
260 _aSingapore:
_bCengage Learning Asia Pte Ltd
_c2019
300 _axxiii, 629 pages :
_bblack and white illustrations;
650 _a Pharmacology.
650 _aPharmacology -- Examinations, questions, etc.
999 _c363062
_d363062